Система оценивания результатов обучения: проблемы применения; Уровневая подготовка специалистов: государственные и международные стандарты инженерного образования

Podrobná bibliografie
Parent link:Уровневая подготовка специалистов: государственные и международные стандарты инженерного образования.— 2012.— [С. 157-158]
Hlavní autor: Хворова И. А. Ирина Александровна
Shrnutí:Заглавие с экрана
Проанализирован опыт практического применения "Положения о проведении текущего контроля успеваемости и промежуточной аттестации в ТПУ" в преподавании дисциплин кафедры "Материаловедение и технология металлов". Сделаны выводы о положительных и отрицательных сторонах оценивания успеваемости студентов в соответствии с "Руководящими материалами по текущему контролю успеваемости…"
Jazyk:ruština
Vydáno: 2012
Edice:Оценка результатов обучения (дисциплина-практика-проект-образовательная программа)
Témata:
On-line přístup:http://www.lib.tpu.ru/fulltext/c/2012/C09/068.pdf
Médium: MixedMaterials Elektronický zdroj Kapitola
KOHA link:https://koha.lib.tpu.ru/cgi-bin/koha/opac-detail.pl?biblionumber=230988

MARC

LEADER 00000nla2a2200000 4500
001 230988
005 20231216175944.0
035 |a (RuTPU)RU\TPU\book\252003 
035 |a RU\TPU\book\251999 
090 |a 230988 
100 |a 20130129d2012 k y0rusy50 ca 
101 0 |a rus 
102 |a RU 
105 |a y z 101zy 
181 0 |a i  
182 0 |a b 
200 1 |a Система оценивания результатов обучения: проблемы применения  |f И. А. Хворова 
203 |a Текст  |c электронный 
225 1 |a Оценка результатов обучения (дисциплина-практика-проект-образовательная программа) 
300 |a Заглавие с экрана 
330 |a Проанализирован опыт практического применения "Положения о проведении текущего контроля успеваемости и промежуточной аттестации в ТПУ" в преподавании дисциплин кафедры "Материаловедение и технология металлов". Сделаны выводы о положительных и отрицательных сторонах оценивания успеваемости студентов в соответствии с "Руководящими материалами по текущему контролю успеваемости…" 
337 |a Adobe Reader 
463 1 |0 (RuTPU)RU\TPU\book\240708  |t Уровневая подготовка специалистов: государственные и международные стандарты инженерного образования  |o сборник трудов научно-методической конференции, 3-6 апреля 2012 г.  |f Национальный исследовательский Томский политехнический университет (ТПУ)  |v [С. 157-158]  |d 2012 
610 1 |a труды учёных ТПУ 
610 1 |a электронный ресурс 
610 1 |a оценивание 
610 1 |a обучение 
610 1 |a результаты 
610 1 |a проблемы 
700 1 |a Хворова  |b И. А.  |c специалист в области материаловедения  |c старший преподаватель Томского политехнического университета  |f 1954-  |g Ирина Александровна  |3 (RuTPU)RU\TPU\pers\26641  |9 12299 
801 2 |a RU  |b 63413507  |c 20130201  |g RCR 
856 4 |u http://www.lib.tpu.ru/fulltext/c/2012/C09/068.pdf 
942 |c CF